Globální informační revoluce a role médií v arabském světě

Postoj moslimského obyvateľstva k informačnej revolúcii. Pôsobenie médií na rozpútanie, konsolidáciu a propagáciu revolúcie v arabskom svete. Význam satelitných kanálov. Dominantné kanály al-Džazíra a al-Arabíja. Väčšina tlačených médií kontrolovaná štátom. Mediálna voľná zóna garantujúca slobodu sl...

Ausführliche Beschreibung

Gespeichert in:
Bibliographische Detailangaben
1. Verfasser: Bureš, Jaroslav
Format: Buchkapitel
Sprache:Tschechisch
Schlagworte:
Tags: Tag hinzufügen
Keine Tags, Fügen Sie das erste Tag hinzu!

MARC

LEADER 00000naa$a2200000$$$4500
001 0045847
005 20231016092503.3
041 0 |a cze 
044 |a CZ 
245 1 0 |a Globální informační revoluce a role médií v arabském světě  |c Jaroslav Bureš 
520 |a Postoj moslimského obyvateľstva k informačnej revolúcii. Pôsobenie médií na rozpútanie, konsolidáciu a propagáciu revolúcie v arabskom svete. Význam satelitných kanálov. Dominantné kanály al-Džazíra a al-Arabíja. Väčšina tlačených médií kontrolovaná štátom. Mediálna voľná zóna garantujúca slobodu slova. Internet ako príležitosť na zahájenie širokej diskusie o reforme islamu a šírenie plurality myslenia. Situácia v jednotlivých arabských krajinách. 
610 2 0 |a médiá 
610 2 0 |a televízia 
610 2 0 |a tlač 
610 2 0 |a štát 
610 2 0 |a kontrola 
610 2 0 |a informácie 
610 2 0 |a národ 
610 2 0 |a náboženstvo 
610 2 0 |a islam 
610 2 0 |a Arabské štáty 
100 1 |a Bureš, Jaroslav